000 00259nam a22001217a 4500
008 170525b xxu||||| |||| 00| 0 eng d
041 _aeng
080 _a621.3
100 _a26
101 _aIM
245 _aAIR CONDITIONING
_cANDERSON,E.P
942 _2udc
_cBK
999 _c14258
_d14258